| 000 | 00725nam a2200229 a 4500 | ||
|---|---|---|---|
| 005 | 20140310183614.0 | ||
| 008 | 120830s19uu xx 00 eng d | ||
| 020 | _a9781439042816 | ||
| 050 |
_aHF 5387 _b.F45 2010 |
||
| 100 | _aFerrell, O. C. | ||
| 245 |
_aBusiness ethics : ethical decision making and cases : _b2009 update / _cO. C. Ferrell, John Fraedrich, Linda Ferrell. |
||
| 250 | _a7th ed. | ||
| 260 |
_aMason, OH : _bSouth-Western Cengage Learning, _c2010. |
||
| 300 |
_axxxviii, 514 p. : _bcol. ill. ; _c24 cm. |
||
| 500 | _aIncludes index | ||
| 521 | _aBSBA | ||
| 650 |
_aBusiness ethics _xCase studies |
||
| 700 | _aFraedrich, John | ||
| 700 | _aFerrell, Linda | ||
| 942 |
_cBK _2lcc _kFOR |
||
| 999 |
_c25302 _d25302 |
||